| 000 | 00560npc a2200205Ia 4500 | ||
|---|---|---|---|
| 001 | dg12-576 [d000000484] | ||
| 003 | IT-MiCISF | ||
| 008 | 161014s9999||||xx | und|| | ||
| 040 |
_aIT-MiCISF _cIT-MiCISF |
||
| 041 | _ait | ||
| 100 | _aGuiducci Pierluigi | ||
| 245 | 0 |
_aAccogliere la vita nascente _bUna scelta totale |
|
| 250 | _a1a ed. | ||
| 260 |
_a Leumann (TO) _bElle Di Ci _c1990 |
||
| 300 | _ap. 87 | ||
| 500 | _a / procreazione, accoglienza-della-vita, servizi / | ||
| 650 | _aprocreazione | ||
| 942 | _cDD | ||
| 957 | _71 | ||
| 999 |
_a576 _bsi _g1 _c207846 _d207846 |
||